Stem cell biology and tissue engineering in dental sciences (Record no. 32754)

MARC details
000 -LEADER
fixed length control field 00720nam a2200169 a 4500
008 - FIXED-LENGTH DATA ELEMENTS--GENERAL INFORMATION
fixed length control field 170503s2015 ||||||||||||||||| || u
020 ## - INTERNATIONAL STANDARD BOOK NUMBER
International Standard Book Number 9780123971579
050 ## - LIBRARY OF CONGRESS CALL NUMBER
Classification number QH 499 Ste
100 ## - MAIN ENTRY--PERSONAL NAME
Personal name Vishwakarma, Ajaykumar
245 10 - TITLE STATEMENT
Title Stem cell biology and tissue engineering in dental sciences
Statement of responsibility, etc. Edited By Ajaykumar Vishwakarma, Paul Sharpe, Songtao Shi {and} Murugan Ramalingam
260 ## - PUBLICATION, DISTRIBUTION, ETC.
Place of publication, distribution, etc. Amsterdam:
Name of publisher, distributor, etc. Elsevier
Date of publication, distribution, etc. 2015
300 ## - PHYSICAL DESCRIPTION
Extent xxxi, 900p.: ill.
350 ## -
-- 42.00
650 ## - SUBJECT ADDED ENTRY--TOPICAL TERM
Topical term or geographic name entry element REGENERATIVE MEDICINE
650 ## - SUBJECT ADDED ENTRY--TOPICAL TERM
Topical term or geographic name entry element STEM CELLS
995 ## -
-- MICHAEL CHILUFYA SATA OPEN ACCESS
-- 904030
-- CBU-SCHOOL OF MEDICINE LIBRARY (Ndola)
-- 42.00
-- QH 499 Ste
-- 1
-- AVAILABLE
-- May 3, 2017
-- 904030
-- Medical Library Open Access Collection
999 ## -
-- 32754
-- 32754
Holdings
Withdrawn status Lost status Source of classification or shelving scheme Damaged status Not for loan Permanent Location Current Location Shelving location Date acquired Total Checkouts Full call number Barcode Date last seen Price effective from Koha item type
          CBU-SCHOOL OF MEDICINE LIBRARY, NDOLA. CBU-SCHOOL OF MEDICINE LIBRARY, NDOLA.   11/30/2022   QH 499 Ste 904030 11/30/2022 11/30/2022 MONOGRAPH